000 00504nam a22001457a 4500
003 0
005 20230626094441.0
008 230626b xxu||||| |||| 00| 0 eng d
050 _aR 858
_b.L83 2022
245 _aHealth management system for Southville International School and Colleges Luxembourg Campus
_cLucas, Christian R.
260 _aLas PiƱas City
_bSouthville International School and Colleges
_cc2022
300 _ax, 87pp.
_c28cm.
500 _aHealth management system.
942 _2lcc
_cTH
999 _c365100
_d365100